000 00488nam a2200181Ia 4500
003 GCL
008 140319s9999 xx 000 0 eng d
040 _aGCL /
_cGCL
082 0 4 _a372.21
_bE M
100 1 _aEVANS, L.
245 1 0 _aThe Meaning of Infant Teachers wark /
_cEVANS, L.
260 _a[S.N] :
_bROUTLEDGE ،
_c1994
300 _a256 p
650 0 4 _aSOCIAL CONDITIONS
650 0 4 _aEARLY CHILDHOOD TEACHERS
650 0 4 _aGREAT BRITAIN - SOCIAL CONDITION
942 _2ddc
_cBK
999 _c17704
_d17704